00402cam a2200157ua 45000010005000000080039000050400009000440820014000531000021000672450053000882500009001412600043001503000017001936530013002106530021002232457110817n ii |||gr||||Z||||||asm cMAIN a398.091451 aMoran, Sumeswar,1 aSiksha samaj sanskriti Ityadicby Sumeswar Moran a1st. aDibrugarh:bKaustubh Prakashan,c2009. a152p:c23cm. aFolklore aAssamese culture